| 000 | 00795cam a22002531 4500 | ||
|---|---|---|---|
| 001 | sa 65003997 | ||
| 003 | DLC | ||
| 005 | 20260227112127.0 | ||
| 008 | 861104s1964 ii r 000 0 eng | ||
| 010 | _asa 65003997 | ||
| 025 | _aPL480:I-E-3374 | ||
| 035 | _a(OCoLC)14631551 | ||
| 040 |
_aDLC _cWaU _dDLC |
||
| 042 | _apremarc | ||
| 050 | 0 | 0 |
_aHF3788.S9 _bA5 |
| 110 | 1 |
_aIndia. _bDirectorate of Commercial Publicity. |
|
| 245 | 1 | 0 | _aImporters of Indian products: Switzerland. |
| 260 |
_aNew Delhi _c[1964] |
||
| 300 |
_aii, 20 p. _c24 cm. |
||
| 500 | _aCover title: Directory of importers of Indian products in Switzerland. | ||
| 651 | 0 |
_aSwitzerland _xCommerce _zIndia. |
|
| 651 | 0 |
_aIndia _xCommerce _zSwitzerland. |
|
| 740 | 0 | _aDirectory of importers of Indian products in Switzerland. | |
| 999 |
_c63485 _d63485 |
||